[Event "XIII Festival A"]
[Site "Porto San Giorgio ITA"]
[Date "2001.08.28"]
[Round "8"]
[White "Marzano, Carlo"]
[Black "Cristiani, Cesare"]
[Result "1-0"]
[WhiteElo "2253"]
[BlackElo "2109"]
[PlyCount "125"]
[EventDate "2001.08.21"]

1.d4 Nf6 2.Nf3 e6 3.Bg5 d5 4.Nbd2 Be7 5.e3 Nbd7 6.Bd3 c5 7.c3 b6 8.O-O Bb7
9.Qb1 h6 10.Bh4 Qc7 11.b4 c4 12.Bc2 a6 13.Re1 Bd6 14.e4 dxe4 15.Nxe4 Nxe4 
16.Bxe4 O-O 17.a4 b5 18.a5 Rfe8 19.Bxb7 Qxb7 20.Bg3 Bxg3 21.hxg3 Nf6 22.
Qc2 Rad8 23.Re2 Qa8 24.Rae1 Rd5 25.Ne5 Qb7 26.Qd2 Rdd8 27.Qf4 Qa8 28.Ng4 
Nxg4 29.Qxg4 Rd5 30.f4 Red8 31.Qf3 Qc8 32.Kf2 h5 33.Rh1 g6 34.g4 hxg4 35.
Qxg4 Kg7 36.Re3 Rh8 37.Rxh8 Qxh8 38.Rh3 Qb8 39.Ke3 Qd8 40.Qf3 Qa8 41.g3 
Rd8 42.Qxa8 Rxa8 43.Ke4 Rd8 44.g4 Rd5 45.Rg3 Kf6 46.Rf3 Rd8 47.Rh3 Kg7 48.
f5 gxf5+ 49.gxf5 Kf6 50.fxe6 fxe6 51.Rh6+ Ke7 52.Rh7+ Kf6 53.Ra7 Rd6 54.
Rb7 Rd5 55.Rb6 Rh5 56.Rxa6 Rh3 57.d5 Rxc3 58.Rxe6+ Kf7 59.Kd4 Rd3+ 60.Kc5 
c3 61.Re1 c2 62.Rc1 Rd2 63.a6 1-0

[Event "XIII Festival A"]
[Site "Porto San Giorgio ITA"]
[Date "2001.08.28"]
[Round "8"]
[White "Mola, Pietro"]
[Black "Sbraccia, Giovanni"]
[Result "0-1"]
[WhiteElo "2261"]
[BlackElo "2121"]
[PlyCount "68"]
[EventDate "2001.08.21"]

1.e4 c6 2.c4 d5 3.exd5 cxd5 4.cxd5 Nf6 5.Nc3 g6 6.Bc4 Bg7 7.Qb3 O-O 8.Nge2
Na6 9.d4 Nc7 10.a4 e6 11.dxe6 Nxe6 12.Be3 Ng4 13.O-O Qh4 14.h3 Nxe3 15.
fxe3 Bh6 16.Nd5 Ng5 17.Ndf4 Ne4 18.Qd3 Bf5 19.g4 Nf2 20.Qb3 Nxh3+ 21.Nxh3 
Qxg4+ 22.Kf2 Qh4+ 23.Ng3 Bxh3 24.Rh1 Rfe8 25.Rae1 Qf6+ 26.Kg1 Qf3 27.Rxh3 
Bxe3+ 28.Rxe3 Rxe3 29.Qb4 Rae8 30.Bf1 Re1 31.Qd2 Rxf1+ 32.Nxf1 Qxh3 33.d5 
Qg4+ 34.Kf2 Re4 0-1

[Event "XIII Festival A"]
[Site "Porto San Giorgio ITA"]
[Date "2001.08.28"]
[Round "8"]
[White "Mrdja, Milan"]
[Black "Coratella, Giuseppe"]
[Result "1-0"]
[WhiteElo "2399"]
[BlackElo "2163"]
[PlyCount "93"]
[EventDate "2001.08.21"]

1.e4 e6 2.d4 d5 3.Nc3 Nf6 4.Bg5 Be7 5.e5 Nfd7 6.Bxe7 Qxe7 7.f4 a6 8.Nf3 c5
9.Qd2 Nc6 10.dxc5 Qxc5 11.Bd3 b5 12.Ne2 Nb6 13.Ned4 Nxd4 14.Nxd4 Bd7 15.
Nb3 Qc7 16.c3 Bc6 17.O-O g6 18.Nd4 Nc4 19.Qf2 Rc8 20.Rae1 O-O 21.Re2 Rce8 
22.Qh4 Bd7 23.Rf3 Qd8 24.Qh6 f5 25.h4 Qe7 26.h5 Qg7 27.Qg5 gxh5 28.Qxh5 
Kh8 29.Rh3 Rg8 30.Nf3 Re7 31.Ng5 Be8 32.Qh4 Bg6 33.Qf2 Rb8 34.Qc5 Rc7 35.
Qd4 Qg8 36.g3 Qe8 37.Reh2 Rbb7 38.Rh6 Rg7 39.g4 fxg4 40.Bxg6 Rxg6 41.Rxh7+
Rxh7 42.Nxh7 Kg8 43.Qa7 Qf7 44.Qb8+ Kg7 45.Ng5 Rxg5 46.Qh8+ Kg6 47.Rh6+ 
1-0

[Event "XIII Festival A"]
[Site "Porto San Giorgio ITA"]
[Date "2001.08.28"]
[Round "8"]
[White "Ortega, Lexy"]
[Black "Laketic, Gojko"]
[Result "1/2-1/2"]
[WhiteElo "2498"]
[BlackElo "2444"]
[PlyCount "86"]
[EventDate "2001.08.21"]

1.d4 Nf6 2.c4 g6 3.Nc3 d5 4.Nf3 Bg7 5.cxd5 Nxd5 6.e4 Nxc3 7.bxc3 O-O 8.Be2
c5 9.O-O Qa5 10.Bg5 Re8 11.Qb3 cxd4 12.cxd4 Nc6 13.d5 Bxa1 14.Rxa1 Bg4 15.
Bd2 Qd8 16.Qb2 Na5 17.Nd4 Bd7 18.Bb5 b6 19.Ne6 Bxe6 20.dxe6 Rf8 21.Bxa5 
bxa5 22.exf7+ Rxf7 23.Bc4 Qb6 24.Bxf7+ Kxf7 25.Qe5 Rc8 26.h4 Rc2 27.Qd5+ 
Qe6 28.Qxa5 Qxe4 29.Re1 Qd4 30.Re3 Rc1+ 31.Re1 Rxe1+ 32.Qxe1 Qxh4 33.Qe5 
Qf6 34.Qd5+ Kg7 35.a4 Qa1+ 36.Kh2 Qxa4 37.Qe5+ Kf7 38.Qd5+ e6 39.Qb7+ Kg8 
40.Qc8+ Kf7 41.Qc7+ Kg8 42.Qc8+ Kf7 43.Qc7+ Kg8 1/2-1/2

[Event "XIII Festival A"]
[Site "Porto San Giorgio ITA"]
[Date "2001.08.28"]
[Round "8"]
[White "Parrella, Alfredo"]
[Black "Efimov, Igor"]
[Result "1/2-1/2"]
[WhiteElo "2174"]
[BlackElo "2474"]
[PlyCount "135"]
[EventDate "2001.08.21"]

1.e4 c5 2.Nf3 Nc6 3.d4 cxd4 4.Nxd4 Nf6 5.Nc3 d6 6.Bg5 Bd7 7.Be2 a6 8.O-O 
e6 9.a4 Be7 10.Be3 O-O 11.Nb3 b6 12.f4 Qc7 13.Bf3 Rab8 14.g4 Bc8 15.g5 Nd7
16.Bg2 Na5 17.Nd4 Nc4 18.Bc1 Bb7 19.Kh1 g6 20.Nde2 Rfe8 21.h4 Bf8 22.b3 
Na5 23.Ba3 Rbd8 24.Qd2 Nc5 25.Qe1 Nc6 26.Rd1 a5 27.Nb5 Qc8 28.Qf2 Nb4 29.
Bxb4 axb4 30.Ng3 Rd7 31.Rfe1 Qa8 32.Kh2 h6 33.Qe2 Qd8 34.Qg4 hxg5 35.hxg5 
Bg7 36.Kg1 Bc8 37.Qh4 Qe7 38.Nf1 f6 39.gxf6 Bxf6 40.Qg4 Qg7 41.Ne3 Red8 
42.Nc4 e5 43.Nxb6 exf4 44.Nxc8 Rxc8 45.Rxd6 Rcd8 46.Red1 Rxd6 47.Rxd6 Re8 
48.Rc6 Nd7 49.Nc7 Ne5 50.Qh3 Nxc6 51.Nxe8 Bd4+ 52.Kf1 Qe7 53.Qc8 Qh4 54.
Nf6+ Kg7 55.Qd7+ Kh6 56.Qh7+ Kg5 57.Qxh4+ Kxh4 58.Nd5 Kg3 59.a5 f3 60.Bh1 
g5 61.a6 g4 62.Nc7 Bb6 63.Nd5 Bc5 64.c4 Na5 65.Nxb4 Nxb3 66.Nd3 Ba7 67.e5 
Nd2+ 68.Ke1 1/2-1/2

[Event "XIII Festival A"]
[Site "Porto San Giorgio ITA"]
[Date "2001.08.28"]
[Round "8"]
[White "Popchev, Milko"]
[Black "Ristic, Nenad"]
[Result "1/2-1/2"]
[WhiteElo "2447"]
[BlackElo "2424"]
[PlyCount "24"]
[EventDate "2001.08.21"]

1.e4 c5 2.c4 Nc6 3.Nc3 g6 4.g3 Bg7 5.Bg2 d6 6.d3 Nf6 7.Nge2 O-O 8.O-O Ne8 
9.a3 Nc7 10.Rb1 Ne6 11.b4 Ned4 12.Nxd4 Nxd4 1/2-1/2

[Event "XIII Festival A"]
[Site "Porto San Giorgio ITA"]
[Date "2001.08.28"]
[Round "8"]
[White "Rago, Riccardo"]
[Black "Della Pietra, Andrea"]
[Result "1/2-1/2"]
[WhiteElo "2220"]
[BlackElo "2186"]
[PlyCount "64"]
[EventDate "2001.08.21"]

1.e4 e6 2.d4 d5 3.Nd2 Nf6 4.e5 Nfd7 5.Bd3 c5 6.c3 Nc6 7.Ne2 cxd4 8.cxd4 f6
9.exf6 Nxf6 10.Nf3 Bd6 11.O-O O-O 12.Bg5 Kh8 13.Rc1 Qb6 14.Bxf6 Rxf6 15.
Bb1 Bd7 16.Qd3 g6 17.Rc3 Raf8 18.Rb3 Qc7 19.Ng3 Bc8 20.Rc3 Qg7 21.Rd1 a6 
22.a3 Na5 23.Qe2 Bd7 24.Ba2 b5 25.b4 Nc4 26.Bxc4 bxc4 27.Rf1 Rf4 28.Re3 
Qf6 29.Qb2 Rb8 30.Ne2 Rf5 31.Ng3 Rf4 32.Ne2 Rf5 1/2-1/2

[Event "XIII Festival A"]
[Site "Porto San Giorgio ITA"]
[Date "2001.08.28"]
[Round "8"]
[White "Ragonese, Lucio Rosario"]
[Black "Scalcione, Michelangelo"]
[Result "1/2-1/2"]
[WhiteElo "2069"]
[BlackElo "2249"]
[PlyCount "76"]
[EventDate "2001.08.21"]

1.d4 Nf6 2.Nf3 g6 3.Bg5 Bg7 4.Nbd2 O-O 5.e4 d6 6.c3 c5 7.dxc5 dxc5 8.Bc4 
Nc6 9.O-O Qc7 10.Qe2 h6 11.Bh4 Nh5 12.Qe3 b6 13.Rad1 Bg4 14.Bg3 Nxg3 15.
hxg3 Rad8 16.Be2 Rd7 17.Nc4 Rfd8 18.Rxd7 Rxd7 19.Rd1 Qd8 20.Rxd7 Qxd7 21.
Qd3 Qxd3 22.Bxd3 Be6 23.a3 b5 24.Ncd2 b4 25.Nb1 Ba2 26.Nfd2 a5 27.Bc4 Bxc4
28.Nxc4 Kf8 29.Kf1 Ke8 30.Ke2 Kd7 31.Kd3 Kc7 32.a4 Ne5+ 33.Nxe5 Bxe5 34.
Kc4 Kb6 35.Nd2 e6 36.Nb3 Bd6 37.Nc1 Be7 38.Nd3 Bd6 1/2-1/2

[Event "XIII Festival A"]
[Site "Porto San Giorgio ITA"]
[Date "2001.08.28"]
[Round "8"]
[White "Rausis, Igors"]
[Black "Naumkin, Igor"]
[Result "1/2-1/2"]
[WhiteElo "2463"]
[BlackElo "2411"]
[PlyCount "21"]
[EventDate "2001.08.21"]

1.e4 e6 2.d4 d5 3.Nd2 Nc6 4.Bb5 a6 5.Bxc6+ bxc6 6.Ngf3 c5 7.O-O Nf6 8.exd5
Qxd5 9.c4 Qd6 10.dxc5 Qxc5 11.a3 1/2-1/2

[Event "XIII Festival A"]
[Site "Porto San Giorgio ITA"]
[Date "2001.08.28"]
[Round "8"]
[White "Razuvaev, Yuri S."]
[Black "Del Dotto, Riccardo"]
[Result "1-0"]
[WhiteElo "2549"]
[BlackElo "2175"]
[PlyCount "109"]
[EventDate "2001.08.21"]

1.d4 d5 2.c4 c6 3.Nf3 Nf6 4.Qc2 g6 5.Bf4 Bg7 6.e3 O-O 7.Nc3 Bf5 8.Qb3 Qb6 
9.h3 dxc4 10.Bxc4 Nbd7 11.O-O Qxb3 12.Bxb3 Ne4 13.Rfe1 Ndf6 14.g4 Nxc3 15.
gxf5 Ncd5 16.fxg6 hxg6 17.Bh2 Ne4 18.Rac1 Rac8 19.Re2 Rfd8 20.Ne5 Bxe5 21.
Bxe5 f6 22.Bh2 Kg7 23.Kg2 Nc7 24.a3 Rh8 25.Rh1 Rh5 26.Bc2 Ng5 27.Bg3 Nce6 
28.h4 Nf7 29.Bb3 Nf8 30.Rd1 Rd8 31.e4 e6 32.f3 Nd6 33.a4 Kf7 34.Ba2 Ke7 
35.b4 Ne8 36.Bb3 Nd7 37.Rc2 Nd6 38.Bf2 a6 39.Bg3 Nb6 40.Rc5 Rh7 41.Kf2 Nd7
42.Rc2 Nb6 43.Ke3 Rd7 44.Rg1 Nf7 45.Be1 e5 46.Bc3 Rxh4 47.dxe5 Nxe5 48.
Bxe5 fxe5 49.Rxg6 Kd8 50.a5 Nc8 51.Rg8+ Kc7 52.Be6 Rd8 53.Rxd8 Kxd8 54.
Rd2+ Kc7 55.Rd7+ 1-0

[Event "XIII Festival A"]
[Site "Porto San Giorgio ITA"]
[Date "2001.08.28"]
[Round "8"]
[White "Saccona, Silvano"]
[Black "Bruno, Fabio"]
[Result "0-1"]
[WhiteElo "2114"]
[BlackElo "2260"]
[PlyCount "76"]
[EventDate "2001.08.21"]

1.Nf3 c5 2.c4 e6 3.Nc3 Nf6 4.d3 d5 5.g3 Nc6 6.Bg2 Be7 7.O-O O-O 8.e4 dxe4 
9.dxe4 Nd7 10.Bf4 g5 11.Bd6 g4 12.Bxe7 Qxe7 13.Ne1 Nde5 14.b3 Bd7 15.f4 
gxf3 16.Nxf3 Rad8 17.Qc1 Nxf3+ 18.Bxf3 Ne5 19.Be2 Bc6 20.Qf4 Ng6 21.Qe3 
Qd6 22.Rad1 Qe5 23.h4 Rxd1 24.Rxd1 f5 25.h5 f4 26.Qd3 f3 27.Bxf3 Qxg3+ 28.
Bg2 Qf2+ 29.Kh2 Rf4 30.Qd8+ Kg7 31.Rd3 Rh4+ 32.Rh3 Rxh3+ 33.Kxh3 Nf4+ 34.
Kg4 Nxg2 35.Qe7+ Qf7 36.Qxc5 Qf4+ 37.Kh3 Ne3 38.Qe7+ Kh6 0-1

[Event "XIII Festival A"]
[Site "Porto San Giorgio ITA"]
[Date "2001.08.28"]
[Round "8"]
[White "Scharrer, Patrick"]
[Black "Schweiger, Georg"]
[Result "1/2-1/2"]
[WhiteElo "2054"]
[BlackElo "2179"]
[PlyCount "81"]
[EventDate "2001.08.21"]

1.e4 e6 2.d4 d5 3.Nd2 a6 4.Bd3 c5 5.dxc5 Bxc5 6.Nb3 Bd6 7.Nf3 Nc6 8.c3 
Nge7 9.O-O O-O 10.Bg5 f6 11.Be3 Qc7 12.a4 Bf4 13.Qd2 Bxe3 14.Qxe3 b6 15.
Rfe1 Rb8 16.exd5 Nxd5 17.Qe4 f5 18.Qh4 Rf6 19.Qg3 Nf4 20.Ne5 Nh5 21.Qe3 
Rh6 22.Rad1 Nf6 23.Nxc6 Qxc6 24.Nd4 Qd6 25.h3 Nd5 26.Qe5 Qxe5 27.Rxe5 Nf4 
28.Bc4 Rg6 29.Nxf5 Rxg2+ 30.Kf1 b5 31.axb5 axb5 32.Ba2 b4 33.Rd8+ Kf7 34.
Bxe6+ Kf6 35.Re2 Ba6 36.Rxb8 Bxe2+ 37.Ke1 bxc3 38.bxc3 Bh5 39.Bc8 Nd3+ 40.
Kf1 Rxf2+ 41.Kg1 1/2-1/2

[Event "XIII Festival A"]
[Site "Porto San Giorgio ITA"]
[Date "2001.08.28"]
[Round "8"]
[White "Timms, Nicholas D."]
[Black "Faraoni, Enrico"]
[Result "1/2-1/2"]
[WhiteElo "2102"]
[BlackElo "2173"]
[PlyCount "58"]
[EventDate "2001.08.21"]

1.d4 h6 2.e4 g5 3.Bc4 Bg7 4.h4 g4 5.Be3 d6 6.c3 Nc6 7.Nd2 Nf6 8.Ne2 d5 9.
exd5 Nxd5 10.Nf4 Nxe3 11.fxe3 h5 12.O-O e6 13.Qc2 Qxh4 14.Nxe6 Bxe6 15.
Bxe6 O-O 16.Bd5 Ne7 17.Bxb7 Rab8 18.Be4 Bh6 19.Rae1 Rb5 20.c4 Ra5 21.b4 
Ra3 22.Bd3 f5 23.Re2 f4 24.c5 Rxd3 25.Qxd3 Nf5 26.Rxf4 Bxf4 27.exf4 g3 28.
Nf3 Qxf4 29.Qe4 Nh4 1/2-1/2

[Event "XIII Festival A"]
[Site "Porto San Giorgio ITA"]
[Date "2001.08.28"]
[Round "8"]
[White "Todorov, Ognjan"]
[Black "Lauria, Amilcare"]
[Result "1-0"]
[WhiteElo "2349"]
[BlackElo "2159"]
[PlyCount "79"]
[EventDate "2001.08.21"]

1.d4 g6 2.Nf3 Bg7 3.c4 d6 4.Nc3 Nf6 5.g3 c6 6.Bg2 O-O 7.O-O a5 8.h3 Na6 9.
e4 Rb8 10.Qe2 Nc7 11.a4 Bd7 12.e5 dxe5 13.dxe5 Nfe8 14.Rd1 Qc8 15.Kh2 h6 
16.Be3 b6 17.Rac1 c5 18.Qd2 Bc6 19.Bxh6 Qb7 20.Nd5 Nxd5 21.cxd5 Bxa4 22.
Re1 Rd8 23.Qf4 Bb3 24.d6 exd6 25.Ng5 Qc7 26.Qh4 Bxh6 27.Qxh6 f6 28.e6 fxg5
29.e7 Ng7 30.Qxg5 Bf7 31.h4 Rde8 32.exf8=Q+ Rxf8 33.Re7 Qc8 34.Rce1 Qf5 
35.Qxf5 Nxf5 36.Rb7 d5 37.Rxb6 Rd8 38.Rb5 c4 39.Rxa5 Nd4 40.Rd1 1-0

[Event "XIII Festival A"]
[Site "Porto San Giorgio ITA"]
[Date "2001.08.29"]
[Round "9"]
[White "Bagaturov, Giorgi"]
[Black "Iordachescu, Viorel"]
[Result "1/2-1/2"]
[WhiteElo "2489"]
[BlackElo "2562"]
[PlyCount "21"]
[EventDate "2001.08.21"]

1.d4 Nf6 2.c4 g6 3.Nf3 Bg7 4.g3 O-O 5.Bg2 c6 6.Nc3 d5 7.cxd5 cxd5 8.Ne5 
Nc6 9.O-O e6 10.Nxc6 bxc6 11.Na4 1/2-1/2

[Event "XIII Festival A"]
[Site "Porto San Giorgio ITA"]
[Date "2001.08.29"]
[Round "9"]
[White "Citti, Gianluca"]
[Black "Sautto, Daniele"]
[Result "0-1"]
[WhiteElo "2154"]
[BlackElo "1918"]
[PlyCount "96"]
[EventDate "2001.08.21"]

1.e4 c5 2.Nc3 Nc6 3.g3 e6 4.Bg2 d6 5.d3 g6 6.Be3 Bg7 7.Qd2 Nf6 8.h3 Rb8 9.
Bh6 O-O 10.Bxg7 Kxg7 11.f4 Qa5 12.g4 Nd4 13.Nf3 b5 14.O-O Bb7 15.Nh4 Qb6 
16.Kh1 Rbc8 17.f5 c4 18.Rac1 e5 19.b4 cxb3 20.axb3 Qa5 21.fxg6 Qxc3 22.Qg5
fxg6 23.Nf5+ Nxf5 24.gxf5 Qc7 25.Rg1 Nh5 26.Bf3 Nf4 27.fxg6 hxg6 28.Bg4 
Rce8 29.Bf5 Qe7 30.Qg4 Bc8 31.Rcf1 Qf7 32.Bxg6 Bxg4 33.Bxf7 Kxf7 34.Rxg4 
Rg8 35.Ra1 Rxg4 36.Rxa7+ Re7 37.Rxe7+ Kxe7 38.hxg4 Ne2 39.b4 Nc3 40.Kg2 
Na2 41.c4 bxc4 42.dxc4 Nxb4 43.Kf3 Nd3 44.g5 Nb2 45.c5 dxc5 46.Ke2 Kf7 47.
Kd2 Kg6 48.Kc3 Kxg5 0-1

[Event "XIII Festival A"]
[Site "Porto San Giorgio ITA"]
[Date "2001.08.29"]
[Round "9"]
[White "Coratella, Giuseppe"]
[Black "Timms, Nicholas D."]
[Result "1-0"]
[WhiteElo "2163"]
[BlackElo "2102"]
[PlyCount "77"]
[EventDate "2001.08.21"]

1.e4 c6 2.d4 d5 3.Nc3 dxe4 4.Nxe4 Nf6 5.Nxf6+ gxf6 6.Bc4 Bf5 7.Ne2 e6 8.
Ng3 Bg6 9.h4 h6 10.Be3 Bd6 11.h5 Bh7 12.Qd2 Bxg3 13.fxg3 Nd7 14.O-O-O Nb6 
15.Bb3 a5 16.a4 Be4 17.Bxh6 Bxg2 18.Rh2 Bd5 19.Bg7 Rh7 20.h6 Bxb3 21.Qd3 
Bxc2 22.Qxc2 f5 23.g4 Qg5+ 24.Kb1 Qxg4 25.Re1 O-O-O 26.Qc5 Qg3 27.Ree2 
Nxa4 28.Qxa5 Qb3 29.Be5 Nb6 30.Rc2 Kd7 31.Qc5 Nd5 32.Rhg2 Qb4 33.Rg7 Qxc5 
34.Rxc5 Rxh6 35.Rxf7+ Ne7 36.Bf6 Re8 37.Rc1 Kd6 38.Rg1 Ng6 39.Bg7 1-0

[Event "XIII Festival A"]
[Site "Porto San Giorgio ITA"]
[Date "2001.08.29"]
[Round "9"]
[White "Efimov, Igor"]
[Black "Mrdja, Milan"]
[Result "1-0"]
[WhiteElo "2474"]
[BlackElo "2399"]
[PlyCount "71"]
[EventDate "2001.08.21"]

1.d4 Nf6 2.c4 g6 3.Nc3 Bg7 4.e4 d6 5.Be2 O-O 6.Nf3 Na6 7.O-O c6 8.h3 e5 9.
Be3 Qe7 10.d5 c5 11.Ne1 Nd7 12.f3 f5 13.g4 Nf6 14.Nd3 Bd7 15.a3 Rf7 16.Rf2
Raf8 17.Rg2 Kh8 18.Rb1 fxe4 19.fxe4 Ng8 20.Qe1 h6 21.Nb5 Ra8 22.b4 b6 23.
h4 Nf6 24.Nf2 Nh7 25.g5 hxg5 26.hxg5 Rf4 27.Bxf4 exf4 28.Rb3 Nxg5 29.Ng4 
Kg8 30.Nh2 Bxb5 31.cxb5 Nc7 32.bxc5 bxc5 33.Qh4 Bf6 34.Qxf4 Rf8 35.Kh1 Kg7
36.Rbg3 1-0

[Event "XIII Festival A"]
[Site "Porto San Giorgio ITA"]
[Date "2001.08.29"]
[Round "9"]
[White "Faraoni, Enrico"]
[Black "Vianello, Enrico"]
[Result "1-0"]
[WhiteElo "2173"]
[BlackElo "1960"]
[PlyCount "89"]
[EventDate "2001.08.21"]

1.d4 d5 2.e4 dxe4 3.Nc3 Nf6 4.f3 Bf5 5.g4 Bg6 6.g5 Nd5 7.Nxe4 e6 8.c4 Nb6 
9.Be3 h6 10.Qd2 Nc6 11.O-O-O hxg5 12.Nxg5 Nb4 13.b3 Nc2 14.Bd3 Bxd3 15.
Qxd3 Nxe3 16.Qxe3 Qf6 17.Ne4 Qh6 18.f4 O-O-O 19.Nf3 Be7 20.a4 a5 21.h4 Nd7
22.Rh2 f6 23.Re2 e5 24.dxe5 fxe5 25.Rxd7 Ba3+ 26.Kc2 Rxd7 27.Nxe5 Re7 28.
Qa7 Rxe5 29.Qa8+ Kd7 30.Qxb7 Qxf4 31.Rd2+ Bd6 32.Rxd6+ Ke8 33.Qc8+ Kf7 34.
Qd7+ Re7 35.Ng5+ Qxg5 36.hxg5 Rxd7 37.Rxd7+ Kg6 38.Rxc7 Rh2+ 39.Kc3 Rh3+ 
40.Kb2 Rg3 41.Rc5 Rg2+ 42.Ka3 Rxg5 43.Rxg5+ Kxg5 44.b4 axb4+ 45.Kxb4 1-0

[Event "XIII Festival A"]
[Site "Porto San Giorgio ITA"]
[Date "2001.08.29"]
[Round "9"]
[White "Glek, Igor V."]
[Black "Razuvaev, Yuri S."]
[Result "1/2-1/2"]
[WhiteElo "2574"]
[BlackElo "2549"]
[PlyCount "21"]
[EventDate "2001.08.21"]

1.e4 c5 2.Nf3 e6 3.d4 cxd4 4.Nxd4 Nc6 5.Nc3 a6 6.Be2 Qc7 7.O-O Nf6 8.Be3 
Be7 9.f4 d6 10.a4 O-O 11.Kh1 1/2-1/2

[Event "XIII Festival A"]
[Site "Porto San Giorgio ITA"]
[Date "2001.08.29"]
[Round "9"]
[White "Isonzo, David"]
[Black "Aleksic, Nenad"]
[Result "1/2-1/2"]
[WhiteElo "2315"]
[BlackElo "2416"]
[PlyCount "72"]
[EventDate "2001.08.21"]

1.e4 d5 2.exd5 Qxd5 3.Nc3 Qd8 4.d4 Nf6 5.Bc4 e6 6.Nf3 Be7 7.Bf4 a6 8.Qe2 
b5 9.Bb3 Bb7 10.O-O-O O-O 11.Rhe1 Nd5 12.Nxd5 Bxd5 13.Bxc7 Bxf3 14.Qxf3 
Qxc7 15.Qxa8 Nc6 16.Qxa6 Rb8 17.d5 exd5 18.Rxe7 Nxe7 19.Qa3 b4 20.Qa6 Qxh2
21.Qe2 Qd6 22.Re1 Ng6 23.g3 h6 24.Qh5 Rd8 25.Qf5 Kf8 26.Re3 Kg8 27.Rd3 Ne7
28.Qg4 Kf8 29.Rd4 Qe5 30.Qd1 Rb8 31.Qd2 Qd6 32.Rg4 Qa6 33.Rf4 Qb5 34.Rf3 
Rb6 35.Qd3 Qc5 36.Qe3 Qb5 1/2-1/2

[Event "XIII Festival A"]
[Site "Porto San Giorgio ITA"]
[Date "2001.08.29"]
[Round "9"]
[White "Lauria, Amilcare"]
[Black "Martorelli, Antonio"]
[Result "0-1"]
[WhiteElo "2159"]
[BlackElo "2304"]
[PlyCount "60"]
[EventDate "2001.08.21"]

1.e4 c5 2.Nf3 e6 3.d4 cxd4 4.Nxd4 a6 5.Nc3 b5 6.Bd3 Qb6 7.Nb3 Qc7 8.Be3 
Bb7 9.Qd2 Nf6 10.f3 d6 11.g4 h6 12.h4 Nbd7 13.O-O-O b4 14.Ne2 d5 15.exd5 
Nxd5 16.Ned4 Bd6 17.Kb1 Ne5 18.g5 Nxd3 19.cxd3 Nxe3 20.Qxe3 Bf4 21.Nxe6 
fxe6 22.Qxe6+ Kf8 23.Nd4 Re8 24.Qf5+ Qf7 25.Qc5+ Kg8 26.Qb6 hxg5 27.hxg5 
Rxh1 28.Rxh1 Bxg5 29.Qxb4 Bd5 30.Qa4 Bf6 0-1

[Event "XIII Festival A"]
[Site "Porto San Giorgio ITA"]
[Date "2001.08.29"]
[Round "9"]
[White "Ristic, Nenad"]
[Black "Ortega, Lexy"]
[Result "1/2-1/2"]
[WhiteElo "2424"]
[BlackElo "2498"]
[PlyCount "22"]
[EventDate "2001.08.21"]

1.Nf3 d5 2.c4 c6 3.d4 Nf6 4.cxd5 cxd5 5.Nc3 Nc6 6.Bf4 Bf5 7.e3 e6 8.Bd3 
Bxd3 9.Qxd3 Bd6 10.Bxd6 Qxd6 11.O-O O-O 1/2-1/2

[Event "XIII Festival A"]
[Site "Porto San Giorgio ITA"]
[Date "2001.08.29"]
[Round "9"]
[White "Rotstein, Arkadij"]
[Black "Cocchi, Andrea"]
[Result "1-0"]
[WhiteElo "2499"]
[BlackElo "2270"]
[PlyCount "73"]
[EventDate "2001.08.21"]

1.c4 c5 2.Nf3 Nc6 3.g3 g6 4.Bg2 Bg7 5.Nc3 e5 6.O-O Nge7 7.Ne1 Rb8 8.Nc2 a6
9.Rb1 b5 10.b4 cxb4 11.Nxb4 Nxb4 12.Rxb4 Nc6 13.Rb1 b4 14.Nd5 O-O 15.a3 
bxa3 16.Rxb8 Nxb8 17.Bxa3 d6 18.Qa4 Bg4 19.e3 a5 20.Qb5 Kh8 21.Qb7 Qc8 22.
Qxc8 Rxc8 23.Bxd6 Nd7 24.c5 Nxc5 25.Nb6 Nb3 26.Nxc8 Bxc8 27.Bd5 Be6 28.
Bxe6 fxe6 29.Rb1 a4 30.Rb2 Kg8 31.Ra2 Bf8 32.Bxf8 Kxf8 33.f3 Ke7 34.Kf2 
Kd6 35.Rxa4 Nxd2 36.Ra7 h5 37.Rg7 1-0

[Event "XIII Festival A"]
[Site "Porto San Giorgio ITA"]
[Date "2001.08.29"]
[Round "9"]
[White "Sbraccia, Giovanni"]
[Black "Todorov, Ognjan"]
[Result "0-1"]
[WhiteElo "2121"]
[BlackElo "2349"]
[PlyCount "90"]
[EventDate "2001.08.21"]

1.Nf3 c5 2.g3 Nc6 3.Bg2 d5 4.d3 Nf6 5.O-O g6 6.Nbd2 Bg7 7.Re1 O-O 8.e4 e5 
9.exd5 Nxd5 10.Nc4 Re8 11.a4 b6 12.Nfd2 f5 13.f4 Bb7 14.c3 Qd7 15.fxe5 
Nxe5 16.Nxe5 Bxe5 17.Nf3 Bg7 18.Bd2 Rxe1+ 19.Nxe1 Nf6 20.a5 Bxg2 21.Kxg2 
Re8 22.axb6 axb6 23.Qf3 h6 24.Ra8 Rxa8 25.Qxa8+ Kh7 26.Be3 Ng4 27.Bf2 Qb5 
28.b4 Nxf2 29.Kxf2 Bxc3 30.Qb7+ Bg7 31.bxc5 Qxc5+ 32.Ke2 b5 33.d4 Qc4+ 34.
Nd3 Qc2+ 35.Ke3 Qxh2 36.Ne5 Qxg3+ 37.Ke2 Qf4 38.Qf7 Qe4+ 39.Kf1 f4 40.Nd7 
Qh1+ 41.Kf2 Qh4+ 42.Kf3 Qd8 43.d5 b4 44.d6 b3 45.Qxb3 Qxd7 0-1

[Event "XIII Festival A"]
[Site "Porto San Giorgio ITA"]
[Date "2001.08.29"]
[Round "9"]
[White "Scalcione, Michelangelo"]
[Black "De Vita, Gianni"]
[Result "1-0"]
[WhiteElo "2249"]
[BlackElo "2113"]
[PlyCount "47"]
[EventDate "2001.08.21"]

1.Nf3 d5 2.d4 Nf6 3.c4 e6 4.Nc3 c6 5.Bg5 h6 6.Bxf6 Qxf6 7.e3 Nd7 8.Qc2 Qd8
9.cxd5 exd5 10.Bd3 Nf6 11.O-O-O Be6 12.Ne5 Nd7 13.f4 Nxe5 14.dxe5 g6 15.e4
d4 16.f5 dxc3 17.fxe6 cxb2+ 18.Kb1 fxe6 19.Bc4 Qa5 20.Bxe6 Qxe5 21.Bd7+ 
Ke7 22.Bxc6 Rc8 23.Rd7+ Kf6 24.Qf2+ 1-0

[Event "XIII Festival A"]
[Site "Porto San Giorgio ITA"]
[Date "2001.08.29"]
[Round "9"]
[White "Schweiger, Georg"]
[Black "D'Innocente, Stefano"]
[Result "1/2-1/2"]
[WhiteElo "2179"]
[BlackElo "2123"]
[PlyCount "37"]
[EventDate "2001.08.21"]

1.e4 e5 2.Nc3 Bc5 3.f4 d6 4.Nf3 Nf6 5.Bc4 Nc6 6.d3 a6 7.fxe5 dxe5 8.Bg5 h6
9.Bxf6 Qxf6 10.Nd5 Qd6 11.c3 Ne7 12.Qe2 c6 13.Ne3 Bxe3 14.Qxe3 Be6 15.Bxe6
Qxe6 16.Qc5 Ng6 17.O-O Qe7 18.Qxe7+ Kxe7 19.d4 1/2-1/2

[Event "XIII Festival A"]
[Site "Porto San Giorgio ITA"]
[Date "2001.08.29"]
[Round "9"]
[White "Sciortino, Massimo"]
[Black "Cazzaniga, Walter"]
[Result "1/2-1/2"]
[WhiteElo "2203"]
[BlackElo "2125"]
[PlyCount "21"]
[EventDate "2001.08.21"]

1.e4 e6 2.d3 c5 3.Nf3 Nc6 4.g3 g6 5.Bg2 Bg7 6.O-O Nge7 7.Nc3 O-O 8.Be3 Nd4
9.Qd2 d5 10.exd5 exd5 11.Bxd4 1/2-1/2

[Event "XIII Festival A"]
[Site "Porto San Giorgio ITA"]
[Date "2001.08.29"]
[Round "9"]
[White "Sibilio, Mario"]
[Black "Scharrer, Patrick"]
[Result "1-0"]
[WhiteElo "2370"]
[BlackElo "2054"]
[PlyCount "107"]
[EventDate "2001.08.21"]

1.e4 c5 2.Nf3 Nc6 3.Bb5 g6 4.Bxc6 bxc6 5.O-O Bg7 6.Re1 e5 7.d3 Ne7 8.Be3 
d6 9.Qc1 O-O 10.Bh6 f5 11.Bxg7 Kxg7 12.Nbd2 h6 13.c3 g5 14.exf5 Bxf5 15.d4
Ng6 16.h3 Nf4 17.Re3 Qd7 18.Qf1 Nd5 19.Ree1 exd4 20.cxd4 Nb4 21.Qc4 Nc2 
22.dxc5 Nxa1 23.Rxa1 Rae8 24.Qd4+ Rf6 25.cxd6 Qxd6 26.Qxa7+ Re7 27.Qa4 Re2
28.Qa7+ Rf7 29.Qa5 Be6 30.Qc3+ Kg8 31.Kf1 Rxf3 32.Nxf3 Re4 33.b3 Bd5 34.
Re1 Rxe1+ 35.Nxe1 Qh2 36.Qf6 Bxg2+ 37.Nxg2 Qh1+ 38.Ke2 Qxg2 39.Qg6+ Kf8 
40.Qxh6+ Kg8 41.Qe6+ Kg7 42.a4 Qh1 43.a5 Qa1 44.Qd7+ Kh8 45.Qd8+ Kh7 46.
Qd3+ Kh8 47.a6 Qb2+ 48.Kf3 Qa1 49.Kg4 Qg1+ 50.Kh5 Qxf2 51.Kg6 Qf8 52.Qd4+ 
Kg8 53.Qd7 Kh8 54.Qh7# 1-0

[Event "XIII Festival A"]
[Site "Porto San Giorgio ITA"]
[Date "2001.08.29"]
[Round "9"]
[White "Soncin, Denis"]
[Black "Corti, Corrado"]
[Result "1/2-1/2"]
[WhiteElo "2049"]
[BlackElo "2034"]
[PlyCount "86"]
[EventDate "2001.08.21"]

1.e4 c6 2.d4 d5 3.e5 Bf5 4.h4 h5 5.c4 e6 6.Nc3 dxc4 7.Bxc4 Nd7 8.Nge2 Nb6 
9.Bb3 Be7 10.g3 Bg4 11.Qd3 Nd7 12.Bf4 Nc5 13.Qe3 Nxb3 14.axb3 Qb6 15.O-O 
Nh6 16.Bxh6 Rxh6 17.Na4 Qb4 18.f3 Bf5 19.Rfc1 Rd8 20.Rc4 Qa5 21.Qc1 Qd5 
22.Qe3 Qa5 23.b4 Bxb4 24.Qb3 Qb5 25.Qxb4 Bd3 26.Qxb5 cxb5 27.Rc7 Bxe2 28.
Nc3 Bxf3 29.Nxb5 Rd7 30.Nd6+ Ke7 31.Rc8 Rxd6 32.exd6+ Kxd6 33.Rxa7 Rf6 34.
Kf2 Bc6+ 35.Ke2 Rf5 36.Ra3 Rb5 37.b3 Rf5 38.Rd8+ Ke7 39.Rda8 Bf3+ 40.Kd2 
Bd5 41.b4 Rf2+ 42.Kc1 Rf1+ 43.Kd2 Rf2+ 1/2-1/2

[Event "XIII Festival A"]
[Site "Porto San Giorgio ITA"]
[Date "2001.08.29"]
[Round "9"]
[White "Tencati, Giuseppe"]
[Black "Bottino, Alexiei"]
[Result "1/2-1/2"]
[WhiteElo "2099"]
[BlackElo "2117"]
[PlyCount "31"]
[EventDate "2001.08.21"]

1.d4 Nf6 2.c4 g6 3.Nf3 Bg7 4.g3 O-O 5.Bg2 c6 6.Nc3 d5 7.O-O Re8 8.Bf4 Nbd7
9.cxd5 c5 10.Nb5 Nxd5 11.dxc5 Nxf4 12.gxf4 a6 13.Nbd4 Nxc5 14.Rc1 Qb6 15.
Qc2 Ne6 16.Nxe6 1/2-1/2